General statistics (Бичлэгийн дугаар. 146147)
| 000 -УДИРДЛАГА | |
|---|---|
| Удирдлага | 00851nam a22002897a 4500 |
| 003 - ХЯНАЛТЫН ТОО ТОДОРХОЙЛОГЧ | |
| Код | MN-UlNUM |
| 005 - БИЧИЛТ ХИЙСЭН ОГНОО | |
| Тухайн бичилтийг бичсэн засварласан сүүлийн огноо | 20260109165934.0 |
| 008 - ЕРӨНХИЙ МЭДЭЭЛЭЛ | |
| Ерөнхий мэдээлэл | 260109s1977 mauab||| |||| 001 0 eng | |
| 040 ## - БИЧЛЭГ ҮҮСГЭГЧ БАЙГУУЛЛАГА | |
| Бичлэг үүсгэгч номын сангийн код | МУИС-ийн номын сан |
| 084 ## - ББК АНГИЛАЛ | |
| Нэмэлт тусгалт | Бусад |
| ББК ангилал | 22.17 |
| Зохиогчийн гурван тэмдэгт | H 11 |
| Мэдлэгийн ялгаа | 2 - Байгалийн шинжлэл |
| 100 1# - ЗОХИОГЧ | |
| Зохиогчийн нэр | Haber, Audrey. |
| 245 10 - ҮНДСЭН ГАРЧИГ | |
| Номын нэр | General statistics |
| Оролцогчдын тухай мэдээ | Audrey Haber, Richard P. Runyon. |
| 250 ## - ДАХИН ХЭВЛЭЛТ | |
| Дахин гаралтын дугаар | 3d ed. |
| 260 ## - ГАРАЛТЫН МЭДЭЭ | |
| Хэвлэгдсэн газар | Reading, Mass. : |
| Хэвлэлийн газар | Addison-Wesley Pub. Co., |
| Хэвлэгдсэн он | 1977. |
| 300 ## - МАТЕРИАЛЫН ТОДОРХОЙЛОЛТ | |
| хуудасны тоо | xvii, 343, [116] p. : |
| Бусад тоон мэдээлэл | ill. ; |
| Хэмжээ | 25 cm. |
| 500 ## - Тайлбар | |
| Дансны дугаар | БС 4928 |
| 546 ## - ХЭЛНИЙ ТУХАЙ МЭДЭЭ | |
| Хэл | Англи хэл дээр, |
| 653 ## - Түлхүүр үг | |
| Түлхүүр үг | statistics |
| 700 1# - ХАМ ЗОХИОГЧИД | |
| Ба бус | Runyon, Richard P., |
| Relator term | joint author. |
| 740 ## - НОМЫН ГАРЧИГ | |
| Гарчиг | The Definition of statistical Analysis |
| 740 ## - НОМЫН ГАРЧИГ | |
| Гарчиг | Basic Mathematical Concepts |
| 740 ## - НОМЫН ГАРЧИГ | |
| Гарчиг | Frequency Distributions |
| 740 ## - НОМЫН ГАРЧИГ | |
| Гарчиг | Graphing Techniques |
| 942 ## - ЭЛЕМЕНТИЙН ТӨРӨЛ | |
| Зүйлийн төрөл | Ном |
